00550aas a2200145 4500008004100000245011500041260005200156300001300208650001300221650002700234650002500261942000700286952009600293999001500389240219b |||||||| |||| 00| 0 eng d aJournal :bInstitute of Muslim minority affairs-Vol. II, no. 2 (Winter 1980) and Vol. III, no. 1 (Summer 1981) aJeddah :bKing Abdulaziz University,c1980-1981 b1-245 p. aMuslims  aNon-Islamic countries  aReligious minorities cCR 00102ddc4070aMAINbMAINd2024-02-19l0o305.69 JOUpRAF5047r2024-02-19w2024-02-19yCR c4764d4764